000 01034cam a2200289I 4500
001 7011
003 BD-RjUL
005 20211208234343.0
008 130114r19471946vp 00010 eng
035 _a(BD-RjUL)7053
040 _aDLC
_cFUB
_dOCL
_dBOS
_dBD-RjUL
_beng
041 _aeng
082 0 4 _219
_a328.7309
_bCHP 1947
090 _aJK585
_b.F46
100 1 _aChamberlain, Lawrence H.
_q(Lawrence Henry),
_d1906-
_921966
245 1 4 _aThe President, Congress and legislation /
_cLawrence H. Chamberlain.
260 _aNew York ;
_bColumbia university press;
_aLondon :
_bP. S. King & Staples, ltd.,
_cc1946 [Printing 1947].
300 _a478 p. ;
_c23cm.
490 0 _aStudies in history, economics and public law. No. 523.
500 _aIssued also as thesis (PH. D.) Columbia university.
504 _aBibliography: p. 465-473.
650 0 _aLegislation
_zUnited States.
_921967
650 0 _aExecutive power
_zUnited States.
_921968
651 0 _aUnited States
_xCongresses.
_921969
942 _2ddc
_cBK
999 _c7011
_d7011